Integrating biodiversity : (Registro nro. 1367)
[ vista simple ]
| 000 -CABECERA | |
|---|---|
| Campo de control | 00937cam a22002177a 4500 |
| 005 - FECHA Y HORA DE LA ULTIMA TRANSACCION | |
| Campo de control | 20191224041600.0 |
| 008 - ELEMENTOS DE LONGITUD FIJA—INFORMACION GENERAL | |
| Campo de control | 990320s1998 lu a i000 0 eng d |
| 020 ## - ISBN | |
| ISBN | 928283056X |
| 040 ## - FUENTE DE CATALOGACIÓN | |
| Agencia catalogadora original | WCL |
| Agencia transcriptora | WCL |
| Agencia Modificadora | OCL |
| -- | CO-BoIAVH |
| 041 ## - IDIOMA | |
| Código de idioma para texto/pista de sonido o título separado | Inglés |
| 082 #4 - NUMERO DE CLASIFICACION DECIMAL DEWEY | |
| Número de clasificación | 333.9516079 |
| Número del ítem | I61i |
| 245 00 - MENCION DE TITULO | |
| Título | Integrating biodiversity : |
| Parte restante del título | a European Community strategy for action / |
| Mención de responsabilidad | European Commission. |
| 260 ## - PUBLICACION, DISTRIBUCION, ETC. (PIE DE IMPRENTA) | |
| Lugar de publicación, distribución, etc. | Luxembourg : |
| Nombre del editor, distribuidor, etc. | Office for Official Publications of the European Communities ; |
| Lugar de publicación, distribución, etc. | Lanham, Md. : |
| Nombre del editor, distribuidor, etc. | Bernan Associates [distributor], |
| Fecha de publicación, distribución, etc. | 1998. |
| 300 ## - DESCRIPCION FISICA | |
| Extensión | 20 paginas. : |
| Otros detalles físicos | ilustraciones. ; |
| Dimensiones | 30 cm. |
| 500 ## - NOTA GENERAL | |
| Nota general | "Directorate-General, Environment, Nuclear Safety and Civil Protection." |
| 650 #6 - ASIENTO SECUNDARIO DE MATERIA - TERMINO TEMATICO | |
| Término temático o nombre geográfico como elemento de entrada | Políticas ambientales |
| 9 (RLIN) | 5366 |
| 650 #6 - ASIENTO SECUNDARIO DE MATERIA - TERMINO TEMATICO | |
| Término temático o nombre geográfico como elemento de entrada | Diversidad biológica |
| 9 (RLIN) | 61957 |
| 650 #6 - ASIENTO SECUNDARIO DE MATERIA - TERMINO TEMATICO | |
| Término temático o nombre geográfico como elemento de entrada | Medio ambiente |
| 9 (RLIN) | 92195 |
| 710 2# - ASIENTO SECUNDARIO - NOMBRE CORPORATIVO | |
| Nombre corporativo o de jurisdicción como elemento de entrada | European Commission. |
| Unidad subordinada | Directorate-General for Environment, Nuclear Safety, and Civil Protection. |
| 9 (RLIN) | 61959 |
| 942 ## - ELEMENTOS ADICIONALES (KOHA) | |
| Sistema de clasificación | Dewey Decimal Classification |
| Tipo de ítem | Libro |
| Withdrawn status | Lost status | Sistema de Clasificación | Damaged status | No para préstamo | Colección | Inventariado | Ubicación Permanente | Ubicación actual | Fecha de adquisición | Valor | Total Checkouts | Número topográfico | Inventario / Código de Barras | Date last seen | Ejemplar | Price effective from | Forma de adquisición | Tipo de material |
|---|---|---|---|---|---|---|---|---|---|---|---|---|---|---|---|---|---|---|
| Dewey Decimal Classification | General | Inventariado 2017 | Bogotá | Bogotá | 02/07/2004 | 39000.00 | LB-333.9516079 I61i | 016335 | 04/12/2012 | Ej. 1 | 04/12/2012 | Libro | ||||||
| Dewey Decimal Classification | General | Inventariado 2017 | Sala Fabio Quevedo | Sala Fabio Quevedo | 10/07/1999 | 39000.00 | LB-333.9516079 I61i | 001904 | 04/12/2012 | Ej. 2 | 04/12/2012 | Libro |